Welcome to CU Library Online Public Access Catalogue (OPAC)

Differential equations with boundary value problems / (Record no. 1286)

MARC details
000 -LEADER
fixed length control field 00599cam a22001934a 4500
001 - CONTROL NUMBER
control field 12524263
005 - DATE AND TIME OF LATEST TRANSACTION
control field 20241118145954.0
008 - FIXED-LENGTH DATA ELEMENTS--GENERAL INFORMATION
fixed length control field 010904s2002 njua b 001 0 eng
020 ## - INTERNATIONAL STANDARD BOOK NUMBER
International Standard Book Number 9780130159274
050 00 - LIBRARY OF CONGRESS CALL NUMBER
Classification number QA371
Item number .H67 2002
082 00 - DEWEY DECIMAL CLASSIFICATION NUMBER
Classification number 515/.35
Edition information 21
100 1# - MAIN ENTRY--PERSONAL NAME
Personal name Hollis, Selwyn L.
245 10 - TITLE STATEMENT
Title Differential equations with boundary value problems /
Statement of responsibility, etc. Selwyn Hollis.
260 ## - PUBLICATION, DISTRIBUTION, ETC.
Place of publication, distribution, etc. Upper Saddle River, NJ :
Name of publisher, distributor, etc. Prentice Hall,
Date of publication, distribution, etc. c2002.
300 ## - PHYSICAL DESCRIPTION
Extent xii, 635 p. :
Other physical details ill. (some col.) ;
Dimensions 25 cm.
650 #0 - SUBJECT ADDED ENTRY--TOPICAL TERM
Topical term or geographic name entry element Differential equations.
650 #0 - SUBJECT ADDED ENTRY--TOPICAL TERM
Topical term or geographic name entry element Boundary value problems.
942 ## - ADDED ENTRY ELEMENTS (KOHA)
Source of classification or shelving scheme Library of Congress Classification
Koha item type Books
Suppress in OPAC No
999 ## -
-- 1286
-- 1286
Holdings
Withdrawn status Lost status Source of classification or shelving scheme Damaged status Not for loan Collection Home library Current library Shelving location Date acquired Total checkouts Full call number Barcode Date last seen Copy number Price effective from Koha item type
    Library of Congress Classification     Non-fiction Science Library (Miotso) Science Library (Miotso) General stacks 11/18/2024   QA371 .H67 HOL SLM00000638 11/18/2024 1 11/18/2024 Books
© 2023-2024 Copyright: Central University Libraries. All Rights Reserved | Created by: Mahone Tech Office